[Event "Cologne Longerich op-A 11th"]
[Site "Cologne"]
[Date "2014.08.02"]
[Round "3"]
[White "Milde, Mathias"]
[Black "Heinert, Eugen"]
[Result "1/2-1/2"]
[WhiteElo "1848"]
[BlackElo "2172"]
[PlyCount "82"]
[EventDate "2014.08.01"]
[EventType "swiss"]
[EventRounds "5"]
[EventCountry "GER"]
[SourceTitle "EXT 2022"]
[Source "ChessBase"]
[SourceDate "2021.10.06"]
[SourceVersion "1"]
[SourceVersionDate "2021.10.06"]
[SourceQuality "1"]

1. c4 c6 2. e4 d5 3. cxd5 cxd5 4. exd5 Nf6 5. Nf3 g6 6. Bc4 Bg7 7. Qb3 0-0 8. 0-0 Nbd7 9. Nc3 Nc5 10. Qd1 b6 11. Qe2 Bb7 12. d4 Ncd7 13. Rd1 Nb8 14. Bf4 Nxd5 15. Bxd5 Bxd5 16. Nxd5 Qxd5 17. Qxe7 Nc6 18. Qd6 Rad8 19. Qxd5 Rxd5 20. Be5 Rfd8 21. Bxg7 Kxg7 22. Kf1 Nxd4 23. Rxd4 Rxd4 24. Nxd4 Rxd4 25. Ke2 Kf6 26. Rd1 Rxd1 27. Kxd1 Ke5 28. Ke2 Kd4 29. Kd2 b5 30. Kc2 a5 31. Kd2 h5 32. h3 g5 33. Ke2 f5 34. Kd2 a4 35. a3 h4 36. f3 f4 37. Ke2 Kc4 38. Kd2 Kb3 39. Kc1 b4 40. axb4 Kxb4 41. Kd2 Kb3 1/2-1/2

[Event "Cologne Longerich op-A 11th"]
[Site "Cologne"]
[Date "2014.08.01"]
[Round "1"]
[White "Meyer, Stefan2222"]
[Black "Milde, Mathias"]
[Result "1/2-1/2"]
[WhiteElo "1740"]
[BlackElo "1848"]
[PlyCount "57"]
[EventDate "2014.08.01"]
[EventType "swiss"]
[EventRounds "5"]
[EventCountry "GER"]
[SourceTitle "EXT 2022"]
[Source "ChessBase"]
[SourceDate "2021.10.06"]
[SourceVersion "1"]
[SourceVersionDate "2021.10.06"]
[SourceQuality "1"]

1. d4 Nf6 2. c4 e6 3. Nc3 Bb4 4. Bg5 h6 5. Bh4 d5 6. e3 Nbd7 7. Bd3 0-0 8. a3 Bxc3+ 9. bxc3 c6 10. cxd5 exd5 11. Ne2 Re8 12. 0-0 Nf8 13. Qc2 Bg4 14. h3 Bh5 15. Bg3 Ne4 16. Bxe4 Rxe4 17. Nf4 Bg6 18. Nxg6 Nxg6 19. c4 Nh4 20. Bxh4 Rxh4 21. c5 Qg5 22. Kh2 Re8 23. Rab1 Qe7 24. Rb3 Re4 25. Rfb1 Qc7+ 26. Kg1 Rb8 27. a4 Re6 28. Qb2 Re7 29. Qd2 1/2-1/2

[Event "Goch op 23rd"]
[Site "Goch"]
[Date "2012.09.02"]
[Round "7"]
[White "Milde, Mathias"]
[Black "Thomas, Ingo"]
[Result "0-1"]
[WhiteElo "1681"]
[BlackElo "2131"]
[PlyCount "100"]
[EventDate "2012.08.30"]
[EventType "swiss"]
[EventRounds "7"]
[EventCountry "GER"]
[SourceTitle "EXT 2015"]
[Source "ChessBase"]
[SourceDate "2014.11.20"]
[SourceVersion "1"]
[SourceVersionDate "2014.11.20"]
[SourceQuality "1"]

1. e4 c5 2. Nf3 d6 3. d4 cxd4 4. Nxd4 Nf6 5. Nc3 a6 6. Be2 e6 7. Be3 Be7 8. Qd2 Qc7 9. 0-0 0-0 10. f4 b5 11. Bf3 Bb7 12. e5 Ne8 13. Bxb7 Qxb7 14. Rf3 b4 15. Nce2 Nd7 16. exd6 Nxd6 17. Ng3 Nf6 18. Qe2 Rac8 19. Nb3 Nc4 20. Bd4 a5 21. Nd2 Nxd2 22. Qxd2 Rfd8 23. c3 bxc3 24. bxc3 Rc5 25. Qe2 Rb5 26. Rd1 Rb2 27. Rd2 Rxd2 28. Qxd2 Bc5 29. h3 Qd5 30. Rd3 Qc4 31. Kh2 h6 32. Kh1 a4 33. Kh2 a3 34. Ne2 Qb5 35. Qc2 Bxd4 36. cxd4 Ra8 37. Rb3 Qd5 38. Qd3 Qd6 39. g3 Nd5 40. Qc4 g6 41. Qc5 Qa6 42. Qc2 Rc8 43. Qd2 Qc4 44. Rxa3 Qc2 45. Rd3 Nb4 46. Qxc2 Rxc2 47. Re3 Nd5 48. Re5 Nc3 49. a4 Nxe2 50. a5 Nxf4+ 0-1

[Event "Goch op 23rd"]
[Site "Goch"]
[Date "2012.08.31"]
[Round "3"]
[White "Milde, Mathias"]
[Black "Putzmann, Alexander"]
[Result "1-0"]
[WhiteElo "1681"]
[BlackElo "1361"]
[PlyCount "43"]
[EventDate "2012.08.30"]
[EventType "swiss"]
[EventRounds "7"]
[EventCountry "GER"]
[SourceTitle "EXT 2015"]
[Source "ChessBase"]
[SourceDate "2014.11.20"]
[SourceVersion "1"]
[SourceVersionDate "2014.11.20"]
[SourceQuality "1"]

1. e4 c5 2. Nf3 Nc6 3. d4 cxd4 4. Nxd4 g6 5. Be3 Bg7 6. Bc4 d6 7. Nc3 Nf6 8. f3 Bd7 9. Qd2 a6 10. Nb3 Rc8 11. Bh6 0-0 12. h4 Ne5 13. Be2 Be6 14. h5 Qb6 15. 0-0-0 Qf2 16. hxg6 fxg6 17. Rdf1 Qxg2 18. Rfg1 Bxh6 19. Qxh6 Qf2 20. f4 Nf7 21. Rxg6+ hxg6 22. Qxg6# 1-0

[Event "Cologne Longerich op 8th"]
[Site "Cologne"]
[Date "2011.08.14"]
[Round "4"]
[White "Milde, Mathias"]
[Black "Steinberg, Florian"]
[Result "1-0"]
[WhiteElo "1711"]
[BlackElo "1367"]
[PlyCount "45"]
[EventDate "2011.08.12"]
[EventType "swiss"]
[EventRounds "5"]
[EventCountry "GER"]
[SourceTitle "EXT 2017"]
[Source "ChessBase"]
[SourceDate "2016.10.25"]
[SourceVersion "1"]
[SourceVersionDate "2016.10.25"]
[SourceQuality "1"]

1. e4 e5 2. Nf3 Nc6 3. Bc4 Bc5 4. 0-0 Nf6 5. d3 d6 6. h3 Be6 7. Nbd2 Qe7 8. c3 Bb6 9. a4 0-0-0 10. b4 a5 11. Ba3 Qd7 12. Bb5 Qe7 13. Qc2 Bd7 14. Nc4 axb4 15. cxb4 Bd4 16. Rac1 Be8 17. Bxc6 Bxc6 18. Nxd4 exd4 19. b5 Be8 20. e5 Nd5 21. exd6 Qf6 22. Nb6+ Nxb6 23. Qxc7# 1-0

[Event "Cologne Longerich op 8th"]
[Site "Cologne"]
[Date "2011.08.14"]
[Round "5"]
[White "Sewald, Joerg"]
[Black "Milde, Mathias"]
[Result "1/2-1/2"]
[WhiteElo "1525"]
[BlackElo "1711"]
[PlyCount "76"]
[EventDate "2011.08.12"]
[EventType "swiss"]
[EventRounds "5"]
[EventCountry "GER"]
[SourceTitle "EXT 2017"]
[Source "ChessBase"]
[SourceDate "2016.10.25"]
[SourceVersion "1"]
[SourceVersionDate "2016.10.25"]
[SourceQuality "1"]

1. Nf3 Nf6 2. g3 c5 3. Bg2 Nc6 4. d3 d5 5. Nbd2 e6 6. 0-0 Qc7 7. Re1 b5 8. e4 d4 9. Nh4 e5 10. Nf1 Rb8 11. f4 Bd6 12. Nf5 0-0 13. Nxd6 Qxd6 14. fxe5 Nxe5 15. Bf4 Rb6 16. Nd2 Qe7 17. Nf3 Ng6 18. Bg5 Ne5 19. Bf4 Nfg4 20. Bd2 Re8 21. Bf4 Qd8 22. Bd2 Rd6 23. Bf4 Rc6 24. Bd2 c4 25. Bf4 Nxf3+ 26. Bxf3 Ne5 27. Be2 Ng6 28. Bd2 f5 29. exf5 Bxf5 30. Bf3 Rce6 31. Rxe6 Bxe6 32. Qf1 Rf8 33. Qg2 Ne5 34. Be4 cxd3 35. cxd3 Qd7 36. Bf4 Ng4 37. Bc6 Qf7 38. b3 Bd7 1/2-1/2

[Event "NRW Class2 0304"]
[Site "Germany"]
[Date "2004.03.28"]
[Round "8.7"]
[White "Milde, Mathias"]
[Black "Lebedev, Dmitry"]
[Result "0-1"]
[WhiteElo "1667"]
[BlackElo "2206"]
[PlyCount "76"]
[EventDate "2003.09.28"]
[EventType "team"]
[EventRounds "9"]
[EventCountry "GER"]
[SourceTitle "CBM 098 Extra"]
[Source "ChessBase"]
[SourceDate "2004.03.10"]
[SourceVersion "2"]
[SourceVersionDate "2004.03.10"]
[SourceQuality "1"]
[WhiteTeam "Wiehl"]
[BlackTeam "Koeln Porz III"]
[WhiteTeamCountry "GER"]
[BlackTeamCountry "GER"]

1. e4 c5 2. Nf3 Nc6 3. Bb5 g6 4. Bxc6 dxc6 5. Nc3 Bg7 6. 0-0 Nh6 7. Qe2 e5 8. d3 f6 9. a4 a5 10. Be3 b6 11. Nd2 Ng4 12. Nc4 Nxe3 13. Qxe3 0-0 14. Ne2 Be6 15. Rad1 Qc7 16. Nd2 Rae8 17. b3 f5 18. f4 fxe4 19. Nxe4 exf4 20. Rxf4 Bf5 21. Rh4 Qd8 22. Rf4 Bh6 23. Rdf1 Bxf4 24. Rxf4 Bxe4 25. Rxe4 Rxe4 26. Qxe4 Qe8 27. Ng3 Qxe4 28. Nxe4 h6 29. g3 Kf7 30. Kf2 Ke6+ 31. Ke2 g5 32. h3 Kd5 33. c3 b5 34. Ke3 c4 35. bxc4+ bxc4 36. dxc4+ Kxc4 37. Kd2 Rf3 38. Kc2 Kd5 0-1